000 00644nmc a2200241 a 4500
003 AR-BaBNM
005 20251128211212.0
008 163020s1967 ||||||||||||||000 | spa||
040 _cAR-BaBNM
245 1 0 _aCatálogo cartográfico de la República Argentina
260 _aBuenos Aires
_bEudeba
_c1967
300 0 _a278 p.
_bmapas, tablas
490 0 _aBiblioteca de América. Documentos
650 4 _aATLAS
650 4 _aCARTOGRAFIA
650 4 _aMAPAS
650 4 _aGEOGRAFIA FISICA
650 4 _aGEOGRAFIA ECONOMICA
651 4 _aArgentina
700 1 _aTurco Greco, Carlos A.
_ecoordinador
942 _cBK
998 _cmariana
999 _c18692
_d18692